000 00773nam a2200229Ia 4500
001 935
003 GE_BSU
008 181216s||||||||xx |||||||||||||| ||und||
020 _a5982690236
040 _cGE_BSU
080 _a811.161.1
100 _aКостомаров,В.Г.
245 _aСтилистика.Компендиум лекции,прочитанных в 2003-2004 учебном году бакалаврам Гос. ин-та русского языка им. А.С. Пушкина
245 _bГос. ин-т русского языка им. А.С. Пушкина
260 _aМосква
260 _c2004
300 _a255стр.
541 _h10л.
653 _aРусский язык
653 _aСтилистика
942 _cBK
999 _c35094
_d35094